Normal view
MARC view
- Sasikala D (Guide)
Entry Personal Name
001 - CONTROL NUMBER
- control field: 3225
003 - CONTROL NUMBER IDENTIFIER
- control field: OSt
005 - DATE AND TIME OF LATEST TRANSACTION
- control field: 20180725160525.0
008 - FIXED-LENGTH DATA ELEMENTS
- fixed length control field: 180725|| aca||aabn | a|a d
040 ## - CATALOGING SOURCE
- Original cataloging agency: OSt
- Transcribing agency: OSt
100 ## - HEADING--PERSONAL NAME
- Personal name: Sasikala D (Guide)
670 ## - SOURCE DATA FOUND
- Source citation: Work cat.: (OSt): Anjali E.J Lekshmi N Kurup Megha A.S 3224, Groundwater flow modelling using visual modflow and studies on the effect of saline water intrusion in thavanur, 2018
